The Blackwell encyclopedic dictionary of business ethics / (Record no. 5068)

MARC details
000 -LEADER
fixed length control field 00725nam a2200217 4500
005 - DATE & TIME
control field 20231116143433.0
008 - FIXED-LENGTH DATA ELEMENTS--GENERAL INFORMATION
fixed length control field 230418b |||||||| |||| 00| 0 eng d
020 ## - ISBN
International Standard Book Number 0631210806
040 ## - CATALOGING SOURCE
Original cataloging agency MCHV Library
041 ## - Language
Language English
082 ## - DDC NUMBER
Classification number 174.403
Book Number WER
245 ## - TITLE STATEMENT
Title The Blackwell encyclopedic dictionary of business ethics /
Statement of responsibility edited by Patricia H Werhane and R. Edward Freeman
260 ## - PUBLICATION, DISTRIBUTION, ETC. (IMPRINT)
Place of publication, distribution, etc Massachusetts :
Name of publisher, distributor, etc Blackwell,
Date of publication, distribution, etc 1997.
300 ## - PHYSICAL DESCRIPTION
Pages xxvii, 712p. ;
Dimension 24cm.
490 ## - SERIES STATEMENT
SERIES STATEMENT The Blackwell encyclopedia of management / edited by Cary L. Cooper and Chris Argyris
500 ## - GENERAL NOTE
General note Includes index.
650 ## - Subject
Subject Business ethics
700 ## - Added Entry Personal Name
Added Entry Personal Name Werhane, Patricia H
Relator term ed.
700 ## - Added Entry Personal Name
Added Entry Personal Name Freeman, R. Edward
Relator term ed.
942 ## - ADDED ENTRY ELEMENTS (KOHA)
Koha item type Books
Holdings
Location (home branch) Koha item type Koha date last seen Accession No. Koha full call number Koha issues (times borrowed) Date acquired Sublocation or collection (holding branch) Withdrawn status Not for loan Damaged status Source of classification or shelving scheme Lost status
MCHV Library Books 04/18/2023 HV3445 174.403 WER   04/18/2023 MCHV Library       Dewey Decimal Classification  
Management Center for Human Values © 2022. All rights reserved